All Aircraft in the Israel tech tree (War Thunder) - Statistics

General Stats
  • This quiz has been taken 6 times
  • The average score is 14 of 36
Answer Stats
Picture Answer % Correct
B-17G
83%
Baz
83%
F-15I Ra’am
83%
Kurnass
83%
Kurnass 2000
83%
Netz
67%
Baz Meshupar
50%
Kfir C.10
50%
Sakeen
50%
A-4E
33%
A-4H
33%
Ayit
33%
F-16I Sufa
33%
F-84F
33%
Kfir C.2
33%
Kfir C.7
33%
Kfir Canard
33%
Meteor FR.9
33%
Meteor NF.13
33%
Nesher
33%
Netz (Mod)
33%
P-51D-20-NA
33%
Sa'ar
33%
Shahak
33%
Spitfire Mk IXc
33%
Spitfire Mk.IX (CW)
33%
A-4E Early (M)
17%
F-16C Barak II
17%
F-16D Barak II
17%
M.D.450B Ouragan
17%
Meteor F.8
17%
Mystere IVA
17%
Sambad
17%
Vautour IIA
17%
Vautour IIN
17%
Weizman's Spitfire LF Mk.IXe
17%
No matching quizzes found
Score Distribution
Percent of People with Each Score
Percentile by Number Answered
Your Score History
You have not taken this quiz